| 000 | 00930nam a2200217 i 4500 | ||
|---|---|---|---|
| 001 | 158403 | ||
| 003 | ES-MaACL | ||
| 005 | 20250723052154.0 | ||
| 008 | 950111s1887 sp |||| | spa d | ||
| 040 |
_aPAB _bspa |
||
| 100 | 1 |
_aMacías y García, Marcelo. _975226 |
|
| 245 | 1 | 0 |
_aElogio del sabio benedictino Fr. Benito Jerónimo Feijoó _b: pronunciado... en la S.I. Catedral de Orense el 9 de Septiembre de 1887... / _cpor Marcelo Macías y Garcia ; [con un prólogo de Juan Francisco Miguelez]. |
| 260 |
_aLa Coruña : _bAndrés Martinez, _c1887 ( _fJosé Miguez Peinó y hermano, impresores) |
||
| 300 |
_aLXLI [i.e. XCI], 63 p., [1] h. de lám. ; _c20 cm. |
||
| 490 | 1 | _aBiblioteca gallega | |
| 597 | _aLa h. de lám. es retrato del autor. | ||
| 600 | 1 | 4 |
_aFeijoo, Benito Jerónimo, _d1676-1764 _949105 |
| 830 | 0 |
_aBiblioteca gallega _9180864 |
|
| 852 |
_aES-MaACL _jG-9201 _z-- Enc. pasta |
||
| 999 |
_c158403 _d158403 |
||